1786 1300 1946 1313 1229 1774 1588 1908 1307 1544 1264 1918 1230 1454 1910 1304 1291 1676 1980 1947 1156 1114 1416 1156 1741 1951 1542 1769 1208 1184 1450 1813 1091 1978 1477 1280 1646 1377 1417 1785 1235 1162 1603 1549 1153 1930 1221 1345 1230 1383 1246 1340 1058 1954 1252 1633 1473 1264 1725 1888 1546 1483 1559 1079 1149 1496 1126 1288 1554 1660 1980 1293 1087 1529 1371 1691 1232 1685 1001 1580 1227 1547 1912 1539 1075 1272 1492 1508 1123 1391 1453 1411 1256 1477 1860 1408 1131 1441 1789 BCNSPRNW ULIB Ver.6.0+V

เปลี่ยนเป็นภาษาไทย

Change to English
 แสดงรายละเอียดบรรณานุกรม
  กลับหน้าหลัก

Brief Record : Get Marc (ISO 2709) : E-mail record : QR code < ปิดหน้าต่าง
LEADER : 00000nam 2200000uu 4500
001    13399111801
003     ULIB
008    110708s2542||||th 000 0 tha d
020    9748036561
050 04 DS570.6.W3^bอ1711ก 2542
100 0  กิติวัฒนา (ไชยันต์) ปกมนตรี,ม.ร.ว. 2476-
245 10 ก่อนเลือนหายในสายลม /^cอวัสดา ปกมนตรี [นามแฝง]
260    กรุงเทพฯ :^bอมรินทร์พริ้นติ้งแอนด์พับลิชชิ่ง,^c2542
300    333 หน้า :^bภาพประกอบ
600 07 วิวัฒนไชย,^cพระองค์เจ้า,^d2442-2503
945    ^p150^l0^i016104
995    ทศพร
999 ^a ใช้งานได้ทุกระบบ
รายการนี้ยังไม่มีแท็ก
คุณยังไม่ได้ล็อกอิน คุณสามารถมีกิจกรรมร่วมกับเว็บไซต์ได้ แต่ต้องล็อกอินก่อน ::
  ล็อกอิน

รายการสื่อสารสนเทศ

ลำดับที่ ประเภท เลขเรียก/บาร์โค้ด สถานที่ สถานะ
- ไม่พบข้อมูล -

BibComment


ยังไม่เคยถูกคอมเมนท์

คอมเมนท์ทรัพยากรรายการนี้
  คอมเมนท์: ก่อนเลือนหายในสาย..


 Copyright 2026. Bcnsprnw @Library